[Event "Potiguar-ch"]
[Site "Natal"]
[Date "2013.09.29"]
[Round "5.13"]
[White "Guedes Filho, Ricardo da Camara"]
[Black "Simao, Diogo Roger De Sous"]
[Result "0-1"]
[WhiteElo "1800"]
[BlackElo "1953"]
[PlyCount "102"]
[EventDate "2013.09.27"]
[EventType "swiss"]
[EventRounds "9"]
[EventCountry "BRA"]
[SourceTitle "EXT 2015"]
[Source "ChessBase"]
[SourceDate "2014.11.20"]
[SourceVersion "1"]
[SourceVersionDate "2014.11.20"]
[SourceQuality "1"]

1. Nf3 e6 2. d4 d5 3. c4 Nf6 4. Nc3 Bb4 5. Bg5 c6 6. e3 h6 7. Bf4 Ne4 8. Qb3 Qb6 9. Rc1 Nd7 10. cxd5 exd5 11. Bd3 Ndf6 12. h3 Bf5 13. Be2 0-0 14. 0-0 Bd6 15. Bxd6 Qxb3 16. axb3 Nxd6 17. Ne5 Nfe4 18. Rfd1 f6 19. Nd3 Rfe8 20. Na4 Re7 21. Nac5 g5 22. Nxe4 Bxe4 23. Nc5 Bf5 24. Bd3 Bxd3 25. Rxd3 a6 26. Ra1 Rae8 27. Ra2 h5 28. Rd2 Ne4 29. Nxe4 Rxe4 30. Rd3 f5 31. Ra1 f4 32. Re1 fxe3 33. Rdxe3 Kg7 34. Kf1 Rxe3 35. Rxe3 Rxe3 36. fxe3 g4 37. Kf2 Kf6 38. hxg4 hxg4 39. Kg3 Kg5 40. b4 b6 41. Kh2 Kh4 42. Kh1 Kh5 43. Kg1 Kg6 44. Kf2 Kf6 45. Kf1 Kg5 46. Ke2 Kf5 47. Kf2 Ke4 48. Ke2 Kf5 49. Kf2 Kg6 50. Ke2 Kh6 51. Kf2 Kh5 0-1

[Event "Potiguar-ch"]
[Site "Natal"]
[Date "2013.09.28"]
[Round "3"]
[White "Guedes Filho, Ricardo da Camara"]
[Black "Da Silva, Kalison Kelven Ribe"]
[Result "1-0"]
[WhiteElo "1800"]
[BlackElo "1785"]
[PlyCount "87"]
[EventDate "2013.09.27"]
[EventType "swiss"]
[EventRounds "9"]
[EventCountry "BRA"]
[SourceTitle "EXT 2015"]
[Source "ChessBase"]
[SourceDate "2014.11.20"]
[SourceVersion "1"]
[SourceVersionDate "2014.11.20"]
[SourceQuality "1"]

1. d4 d5 2. c4 c6 3. Nc3 Nf6 4. Nf3 Bf5 5. Qb3 Qb6 6. c5 Qxb3 7. axb3 e6 8. Bf4 Na6 9. Ra4 Be7 10. e3 Bc2 11. Nd2 h6 12. Bxa6 bxa6 13. Rxa6 Kd7 14. Ke2 Ne4 15. Ncxe4 dxe4 16. Rha1 Bd3+ 17. Kd1 Bxa6 18. Rxa6 f5 19. Nc4 Bf6 20. Nd6 Rhg8 21. h3 g5 22. Bh2 Bd8 23. Nc4 Bc7 24. Ne5+ Bxe5 25. Bxe5 h5 26. g3 g4 27. h4 Rgf8 28. Kc2 Rf7 29. Kc3 Rff8 30. Kc4 Rfc8 31. b4 Rf8 32. b5 cxb5+ 33. Kxb5 Rfb8+ 34. Bxb8 Rxb8+ 35. Kc4 Rxb2 36. Rxa7+ Kc8 37. Re7 Rxf2 38. Kb5 f4 39. exf4 e3 40. Rxe6 e2 41. Kc6 Kd8 42. Kd6 Rf3 43. c6 Rc3 44. Rxe2 1-0